Relationship between wages and labour productivity in Slovak industry

Analýza vzťahu medzi mzdami a produktivitou práce v slovenskom priemysle. Objasnenie pojmov mzda a produktivita práce.

Guardado en:
Detalles Bibliográficos
Autor principal: Vašaničová, Petra
Formato: Capítulo de libro
Lenguaje:inglés
Materias:
Etiquetas: Agregar Etiqueta
Sin Etiquetas, Sea el primero en etiquetar este registro!

MARC

LEADER 00000naa a2200000 4500
001 0223515
005 20220718122852.0
041 0 |a eng 
044 |a SK 
245 1 0 |a Relationship between wages and labour productivity in Slovak industry  |c Petra Vašaničová 
520 |a Analýza vzťahu medzi mzdami a produktivitou práce v slovenskom priemysle. Objasnenie pojmov mzda a produktivita práce. 
610 2 0 |a produktivita práce 
610 2 0 |a mzdy 
610 2 0 |a výkonnosť 
610 2 0 |a priemysel 
610 2 0 |a znižovanie nákladov 
100 1 |a Vašaničová, Petra